000 00780nam a2200193 4500
001 140075
003 ES-MaACL
005 20250717081032.0
007 t|
008 070214s1906 sp r ||||1| spa d
100 1 _aSecurun Orga, Ventura Enrique.
_9105059
245 1 0 _aTratamiento de la tabes dorsal ó ataxia locomotriz
_b: memoria de Doctorado en Medicina y Cirugía /
_cpor Ventura Enrique Securun Orga.
260 _aZaragoza :
_b[s. n.],
_c1906 (
_fTip. y Enc. y Lib. de A. Uriarte)
300 _a50 p., [1] h. pleg. de tabl. ;
_c21 cm.
500 _aTesis de doctorado presentada en la Universidad Central el 2 de junio de 1906.
710 2 _aUniversidad Central (Madrid).
_bFacultad de Medicina
_97093
852 _aES-MaACL
_jT-1134-F-11
999 _c140075
_d140075